00401nam a2200133Ia 450000500170000000800410001702000150005808200130007310000180008624500400010426000760014430000130022050000340023320250620033651.0240331s9999 xx 000 0 und d a9559021176 bEKAa322 aEkanayake,S.B 0aManawa himikam prayogika patamalawa aSri LankabCentre for human Rights Studies- University of Colomboc1998 a324 p ., aHuman Rights Practical Course